000 00779nam a22002177a 4500
008 081212t xxu||||| |||| 00| 0 eng d
010 _aENG-92170
020 _c175.00
_a9788190745932
035 _aEN-75703
037 _bDBAD / PUB
040 _adpl
_bEnglish
082 _a004.678
100 _aBell, T. Beula
245 _aIntroduction to internet /
_cby T. Beula Bell
260 _aKanyakumari
_bIdeal Publications
_c2007
270 _aRuby Garden, Mankarai
_bKanyakumari Dist
300 _a184p.
_c18cm (pbk)
650 _aInternet.
942 _2ddc
_cEN
_mBEL
_h004.678
999 _c19778
_d19778